| 000 | 00351nam a22001337a 4500 | ||
|---|---|---|---|
| 005 | 20250912131937.0 | ||
| 008 | 250912b |||||||| |||| 00| 0 eng d | ||
| 020 | _a9988585012 | ||
| 050 |
_aBL65 _bREL |
||
| 245 | _aRELIGION MORALITY AND WEST AFRICAN SOCIETY | ||
| 260 |
_aACCRA _bWESLEY PRINTING PRESS _cc2002 |
||
| 300 | _avi, 179p | ||
| 942 |
_2lcc _cBK _n0 |
||
| 999 |
_c7538 _d7538 |
||